000 00577nam a2200229Ia 4500
003 OSt
005 20220924141813.0
006 a|||||r|||| 00| 0
007 ta
008 220923b |||||||| |||| 00| 0 ben d
024 _a299356
037 _cTextual
040 _aARTS
_cARTS
_bben
041 _2ben
_aben
082 _aP157,1:4k, M9
100 _aMukhopadhyay Ashok
_9212539
245 0 _aVyakaran abhidhan
260 _c1989
650 _aBENGALI LITERATURE
942 _hP157,1:4k, M9
_cTEXL
_2CC
999 _c448296
_d448296